UK Towns Quiz - Torfaen - Wales - Statistics

General Stats
  • This quiz has been taken 29 times
  • The average score is 4 of 5
Answer Stats
Clue Population Town % Correct
C 47,091 Cwmbran
100%
P 29,062 Pontypool
100%
B 5,637 Blaenavon
64%
A 7,486 Abersychan
57%
P 1,259 Ponthir
36%
No matching quizzes found
Score Distribution
Percent of People with Each Score
Percentile by Number Answered
Your Score History
You have not taken this quiz